书目信息 |
| 题名: |
钳工基本操作
|
|
| 作者: | 杨宝福 编 | |
| 分册: | 六 划线 | |
| 出版信息: | 呼和浩特 内蒙古人民出版社 1975 |
|
| 页数: | 160页 | |
| 开本: | 19cm | |
| 丛书名: | ||
| 单 册: | ||
| 中图分类: | TG93 | |
| 科图分类: | ||
| 主题词: | 钳工--工艺 | |
| 电子资源: | ||
| ISBN: | ||
| 000 | 00567nam0 2200217 45 | |
| 001 | 0175002149 | |
| 005 | 20060727083419.84 | |
| 010 | @dCNY0.24 | |
| 100 | @a19951016d1975 em y0chiy0121 ea | |
| 101 | 0 | @achi |
| 102 | @aCN@b150000 | |
| 105 | @ay z 000yy | |
| 200 | 10 | @a钳工基本操作@Aqian gong ji ben cao zuo@h六@i划线@f杨宝福编 |
| 210 | @a呼和浩特@c内蒙古人民出版社@d1975 | |
| 215 | @a160页@d19cm | |
| 606 | @a钳工@x工艺 | |
| 690 | @aTG93@v3 | |
| 701 | 0 | @a杨宝福@Ayang bao fu@4编 |
| 801 | 2 | @aCN@bNLC@c20060727 |
| 801 | 0 | @aCN@bTSSF |
| 905 | @a10447@dTG93@e22 | |
| 钳工基本操作.六.划线/杨宝福编.-呼和浩特:内蒙古人民出版社,1975 |
| 160页;19cm |
| ISBN :CNY0.24 |
| ● |
| 相关链接 |
|
|
|
|
正题名:钳工基本操作
索取号:TG93/22
 
预约/预借
| 序号 | 登录号 | 条形码 | 馆藏地/架位号 | 状态 | 备注 |
| 1 | 0438699 | 204386994 | 密集书库/ [索取号:TG93/22] | 在馆 | |
| 2 | 0438700 | 204387001 | 密集书库/ [索取号:TG93/22] | 在馆 |